| 000 | 00870nam a22002057a 4500 | ||
|---|---|---|---|
| 999 |
_c18877 _d18877 |
||
| 003 | BDDh-ASL | ||
| 005 | 20231015025738.0 | ||
| 008 | 201031s2010 b ||||| |||| 00| 0 b d | ||
| 040 |
_aBDDh-ASL _cBDDh-ASL |
||
| 041 | _aben | ||
| 082 |
_a297.63 _bABM |
||
| 100 | 1 |
_91498 _aআব্বাসী, মুস্তাফা জামান |
|
| 245 | 1 | 0 |
_aমুহাম্মদের নাম: _bবিশ্বনবীর জীবনী / |
| 246 | _aMohammader (Sm) Nam (Life and works of Prophet) biography by Mustafa Zaman Abbasi. | ||
| 260 |
_aঢাকা : _bঅনন্যা, _c2010. |
||
| 300 |
_a৫১৫ পৃ. : _c২২ সে.মি. |
||
| 650 | 0 |
_9792 _aমহানবী (সঃ) এর জীবনী _xইসলাম ধর্ম |
|
| 650 | 0 |
_9697 _aমহানবীর জীবনী _xইসলাম ধর্ম |
|
| 942 |
_2ddc _cBK |
||